World Capitals in 6 Minutes with Map - Statistics

General Stats
  • This quiz has been taken 369 times
    73 since last reset
  • The average score is 126 of 196
Answers on the Map
Answers color-coded by a green-red scale on the quiz's map according to % correct below.
 
Answer Stats
Answer % Correct
Lisbon
98%
Madrid
98%
Mexico City
98%
Moscow
95%
Washington D.C.
95%
Dublin
93%
London
93%
Oslo
93%
Ottawa
93%
Rome
93%
Amsterdam
90%
Brasilia
90%
Paris
90%
Tokyo
90%
Beijing
88%
Berlin
88%
Brussels
88%
Buenosaires
88%
New Delhi
88%
Panama City
88%
Seoul
88%
Stockholm
88%
Ankara
86%
Athens
86%
Havana
86%
Helsinki
86%
Lima
86%
Reykjavik
86%
Santiago
86%
Bogota
83%
Canberra
83%
Copenhagen
83%
Riyadh
83%
Bangkok
81%
Budapest
81%
Caracas
81%
Jakarta
81%
Kingston
81%
Kingstown
81%
Kyiv
81%
La Paz · Sucre
81%
Riga
81%
Tehran
81%
Vatican City
81%
Abu Dhabi
79%
Cairo
79%
Capetown · Bloemfontein · Pretoria
79%
Monaco
79%
Montevideo
79%
San Marino
79%
Tunis
79%
Vienna
79%
Wellington
79%
Baghdad
76%
Bern
76%
Guatemala City
76%
Kabul
76%
Luxembourg
76%
Minsk
76%
Sofia
76%
Tallinn
76%
Valletta
76%
Vilnius
76%
Warsaw
76%
Algiers
74%
Islamabad
74%
Jerusalem
74%
Manila
74%
Sana'a
74%
Andorra La Vella
71%
Baku
71%
Bucharest
71%
Doha
71%
Georgetown
71%
Nassau
71%
Port-Au-Prince
71%
Pyongyang
71%
Quito
71%
Taipei
71%
Vaduz
71%
Zagreb
71%
Asunción
69%
Dhaka
69%
Tirana
69%
Beirut
67%
Damascus
67%
Hanoi
67%
Kathmandu
67%
Kuwait City
67%
Rabat
67%
San Jose
67%
Sarajevo
67%
Tripoli
67%
Ulaanbaatar
67%
Amman
64%
Astana
64%
Belgrade
64%
Ciudad de la Paz
64%
Kuala Lumpur
64%
Nairobi
64%
Nicosia
64%
Pristina
64%
Tashkent
64%
Tbilisi
64%
Yerevan
64%
Bishkek
62%
Khartoum
62%
Managua
62%
Paramaribo
62%
Prague
62%
Santo Domingo
62%
Singapore
62%
Vientiane
62%
Brazzaville
60%
Dakar
60%
Malé
60%
Manama
60%
Mogadishu
60%
Podgorica
60%
San Salvador
60%
Skopje
60%
Sri Jayawardenepura Kotte
60%
Tegucigalpa
60%
Thimphu
60%
Addis Ababa
57%
Antananarivo
57%
Belmopan
57%
Bratislava
57%
Ljubljana
57%
Muscat
57%
Phnom Penh
57%
Port Moresby
57%
Accra
55%
Bandar Seri Begawan
55%
Chișinău
55%
Dushanbe
55%
Kinshasa
55%
Ashgabat
52%
Dili
52%
Juba
52%
Port Louis
52%
Port of Spain
52%
Saint George's
52%
Apia
50%
Lome
50%
Saint John's
50%
Suva
50%
Victoria
50%
Bridgetown
48%
Djibouti
48%
Kigali
48%
Luanda
48%
Maseru
48%
Naypyidaw
48%
Abuja
45%
Harare
45%
Lilongwe
45%
Lusaka
45%
Maputo
45%
N'Djamena
45%
Niamey
45%
Praia
45%
Roseau
45%
Windhoek
45%
Asmara
43%
Basseterre
43%
Castries
43%
Dodoma
43%
Kampala
43%
Port Vila
43%
Yaoundé
43%
Banjul
40%
Conakry
40%
Funafuti
40%
Gaborone
40%
Ngerulmud
40%
Nouakchott
40%
Ouagadougou
40%
Bamako
38%
Bangui
38%
Bissau
38%
Majuro
38%
Mbabane
38%
Moroni
38%
Nukualofa
38%
Porto Novo · Cotonou
38%
São Tomé
38%
Freetown
36%
Gitega
36%
Honiara
36%
Monrovia
36%
Palikir
36%
Yaren
36%
Libreville
33%
South Tarawa
33%
Yammoussoukro
29%
No matching quizzes found
Score Distribution
Percent of People with Each Score
Percentile by Number Answered
Your Score History
You have not taken this quiz since the last reset